000 00569nam a22001817a 4500
005 20251108164026.0
008 250721s1990 xx 000 0 ara d
082 1 4 _a210/جهي
100 1 _aالجهيني، أسماء أبو بكر
245 1 0 _aمن عالم الشهرة إلى رحاب الإيمان :
_bمشاهير عرفوا الطريق /
264 1 _aالقاهرة :
_bمكتبة ابن سينا،
_c1990.
300 _a176 ص
650 1 7 _aالتوبة
650 1 7 _aالإسلام
650 1 7 _aالفنانون
942 _2ddc
_cBK
999 _c1723
_d1723